Score 0/40 Timer 05:00
0 Plays Today
Subject Yes or No % Correct
Charles Lindbergh???
88.6%
Roger Bannister???
83%
Marie Curie???
81.4%
Buzz Aldrin???
80.3%
Kelly Clarkson???
80.1%
Yuri Gagarin???
80%
Babe Ruth???
76.3%
Romeo and Juliet???
76%
Edmund Hillary???
75.2%
1989???
75%
Julius Caesar???
74.7%
1938???
73.4%
Chamber of Secrets ???
69.5%
Toy Story???
68.9%
Spencer Perceval???
68.6%
Hattie McDaniel???
67.9%
Dallas Cowboys???
66%
C-3PO???
64.6%
Washington, D.C.???
64.6%
Right to trial by jury???
64.3%
Subject Yes or No % Correct
Cincinnati, Ohio???
64.1%
St. Peter???
63.7%
Anne Boleyn ???
63.1%
Joseph Stalin???
62.8%
Oberlin College???
62%
Donatello ???
61.7%
Michael Phelps ???
60.9%
Pinocchio???
60.6%
Die Hard???
60.6%
Brazil???
60.3%
Meet the Beatles!???
57.1%
2007???
56.4%
Mohandas Gandhi???
55.5%
Massachusetts???
55.3%
Zachary Taylor???
54%
1904???
50.5%
Chinatown???
50.3%
Ada Lovelace???
50.3%
James A. Garfield???
47.6%
Thomas Jefferson???
47.5%
Remove Ads.
Support Sporcle.
Get the best of Sporcle when you Go Orange. This ad-free experience offers more features, more stats, and more fun while also helping to support Sporcle. Thank you for becoming a member.

You're not logged in!

Compare scores with friends on all Sporcle quizzes.
OR
Log In

Show Comments

Extras

Top Quizzes Today


Score Distribution

Your Account Isn't Verified!

In order to create a playlist on Sporcle, you need to verify the email address you used during registration. Go to your Sporcle Settings to finish the process.

Report this User

Report this user for behavior that violates our Community Guidelines.

Details: